Makyta oblieka náročnejšie dámy

Konkurencieschopnosť odevnej firmy Makyta Púchov. Distribúcia tovaru do predajní. Nové modely. Vývoz dámskej konfekcie. Štruktúra výroby a odbytu v r. 1996. Spolupráca s rakúskou firmou EYBL v oblasti výroby autosedadiel.

Na minha lista:
Detalhes bibliográficos
Autor principal: Zábojníková, M.
Formato: Capítulo de Livro
Idioma:eslovaco
Assuntos:
Tags: Adicionar Tag
Sem tags, seja o primeiro a adicionar uma tag!

MARC

LEADER 00000naa a2200000 4500
001 r025291
005 20251104123607.8
041 0 |a slo 
044 |a SK 
245 1 0 |a Makyta oblieka náročnejšie dámy  |c M. Zábojníková 
520 |a Konkurencieschopnosť odevnej firmy Makyta Púchov. Distribúcia tovaru do predajní. Nové modely. Vývoz dámskej konfekcie. Štruktúra výroby a odbytu v r. 1996. Spolupráca s rakúskou firmou EYBL v oblasti výroby autosedadiel. 
610 2 0 |a priemysel odevný 
610 2 0 |a firmy 
610 2 0 |a Makyta, a.s. Púchov 
610 2 0 |a konkurencieschopnosť 
610 2 0 |a distribúcia 
610 2 0 |a výroba 
610 2 0 |a odbyt 
100 1 |a Zábojníková, M.